00640nam a2200181Ia 4500952013300000999001700133003000400150005001700154008004100171040000900212082001800221100002500239245008200264260003700346300000900383650002300392942004300415 00102ddc40708LEXIaMESbMEScLEXICONd2019-02-20g156.00l0o427.09 EVA/Dp2379r2019-02-20 00:00:00w2019-02-20yREFzU18R4 c35160d35160OSt20201218144843.0190216s9999||||xx |||||||||||||| ||und|| coclc a427.09bEVA/D aEvans, Bergen 97698 2aA Dictionary Of Contemporary American Usage /c Bergen Evans ; Cornelia Evans bRandom House, c1957.aNew York: a577p aEnglish Dictionary cREF2ddch427.09iEVA/Dk427.09mEVA/D